Closest-to-Million Cities - Statistics

General Stats
  • This quiz has been taken 651 times
    650 since last reset
  • The average score is 6 of 30
Answer Stats
Hint Answer % Correct
Belgium Antwerp
63%
Australia Adelaide
56%
Canada Edmonton
53%
Netherlands The Hague
45%
Spain Seville
42%
Italy Palermo
36%
France Lille
31%
Ukraine Odessa
29%
Morocco Marrakech
27%
Kenya Mombasa
26%
United Kingdom Newcastle-upon-Tyne
26%
South Africa Port Elizabeth
23%
Germany Hannover
21%
Turkey Antalya
19%
Poland Wroclaw
19%
Yemen Aden
18%
Syria Homs
13%
Uzbekistan Samarkand
11%
Peru Arequipa
10%
Egypt Port Said
10%
Zimbabwe Bulawayo
8%
Iran Qom
7%
Pakistan Quetta
7%
Angola Huambo
5%
Malaysia Johor Bahru
5%
United States Tucson
5%
Ethiopia Dire Dawa
4%
North Korea Hamhung
3%
Russia Krasnoyarsk
3%
Democratic Republic of the Congo Kananga
2%
No matching quizzes found
Score Distribution
Percent of People with Each Score
Percentile by Number Answered
Your Score History
You have not taken this quiz since the last reset